000
00262nam a2200097Ia 4500
001
645683
005
20250826153628.0
008
250824s9999 xx 000 0 und d
245
0
_a
SİHİRLİ KRALLIK ALTIN KUMSAL 6
_c
ROSİE BANKS
260
_b
DOĞAN EGMONT YAYINLARI
999
_c
645683
_d
645683